The Rothschilds (Record no. 4092)

MARC details
000 -CABECERA
campo de control de longitud fija 00663nam a2200229 a 4500
001 - NÚMERO DE CONTROL
campo de control BRCA_4381
005 - FECHA Y HORA DE LA ÚLTIMA TRANSACCIÓN
campo de control 20190320204641.0
008 - DATOS DE LONGITUD FIJA--INFORMACIÓN GENERAL
campo de control de longitud fija 260809s1963----u--a######---#000-0#eng-#
041 ## - CÓDIGO DE LENGUA
Código de lengua del texto/banda sonora o título independiente eng
044 ## - CÓDIGO DEL PAÍS DE LA ENTIDAD EDITORA/PRODUCTORA
Código MARC del país u
050 #4 - SIGNATURA TOPOGRÁFICA DE LA BIBLIOTECA DEL CONGRESO
Número de clasificación HG1552.R6
Número de documento/Ítem .M67 3
-- 1963
100 1# - ENTRADA PRINCIPAL--NOMBRE DE PERSONA
Nombre de persona Morton, Frederic
9 (RLIN) 9256
245 10 - MENCIÓN DE TÍTULO
Título The Rothschilds
Resto del título A Family Portrait
Mención de responsabilidad, etc. by Frederic Morton.
260 ## - PUBLICACIÓN, DISTRIBUCIÓN, ETC.
Lugar de publicación, distribución, etc. Estados Unidos
Nombre del editor, distribuidor, etc. Crest
Fecha de publicación, distribución, etc. 1963
300 ## - DESCRIPCIÓN FÍSICA
Extensión x, 256 p.
Otras características físicas il.
Dimensiones 18 cm.
500 ## - NOTA GENERAL
Nota general Estado físico: Sin encuadernación, primer hoja con roturas
500 ## - NOTA GENERAL
Nota general Ver también B232 y B310 (1962)
500 ## - NOTA GENERAL
Nota general CEF85
600 14 - PUNTO DE ACCESO ADICIONAL DE MATERIA--NOMBRE DE PERSONA
Nombre de persona Rothschilds, Familia
9 (RLIN) 11145
902 ## - CATALOGADOR
Iniciales GFM
942 ## - ELEMENTOS DE PUNTO DE ACCESO ADICIONAL (KOHA)
Fuente del sistema de clasificación o colocación Library of Congress Classification
Tipo de ítem Koha Libros
Holdings
Estado de retiro Estado de pérdida Estado dañado No para préstamo Localización permanente Ubicación/localización actual Fecha de adquisición Número de inventario Total de préstamos Signatura topográfica completa Código de barras Fecha visto por última vez Precio válido a partir de Tipo de ítem Koha
El ejemplar forma parte de la colección y puede ser consultado según las políticas vigentes.       Biblioteca del Museo Franz Mayer (Rogerio Casas-Alatriste) Biblioteca del Museo Franz Mayer (Rogerio Casas-Alatriste) 20/07/2010 CEF85   HG1552.R6 .M67 3 1963 (CEF85) 4378 22/03/2019 22/03/2019 Libros